Communicating for success / (Record no. 3331)

000 -LEADER
fixed length control field 01113cam a2200325 a 4500
001 - CONTROL NUMBER
control field 15981072
003 - CONTROL NUMBER IDENTIFIER
control field OSt
005 - DATE AND TIME OF LATEST TRANSACTION
control field 20161003144123.0
008 - FIXED-LENGTH DATA ELEMENTS--GENERAL INFORMATION
fixed length control field 091112s2011 maua b 001 0 eng
010 ## - LIBRARY OF CONGRESS CONTROL NUMBER
LC control number 2009045254
020 ## - INTERNATIONAL STANDARD BOOK NUMBER
International Standard Book Number 9781442551565
035 ## - SYSTEM CONTROL NUMBER
System control number (OCoLC)ocn316017345
040 ## - CATALOGING SOURCE
Original cataloging agency DLC
Transcribing agency DLC
Modifying agency YDX
-- YDXCP
-- DLC
050 00 - LIBRARY OF CONGRESS CALL NUMBER
Classification number HF5718.K67 2013
082 00 - DEWEY DECIMAL CLASSIFICATION NUMBER
Classification number 651.7
Edition number 22
100 1# - MAIN ENTRY--PERSONAL NAME
Personal name Kossen,Christopher
245 10 - TITLE STATEMENT
Title Communicating for success /
Statement of responsibility, etc Christopher Kossen, Eleanor Kierman, Jill Lawrence
260 ## - PUBLICATION, DISTRIBUTION, ETC. (IMPRINT)
Place of publication, distribution, etc Australia :
Name of publisher, distributor, etc Pearson education,
Date of publication, distribution, etc c2013.
300 ## - PHYSICAL DESCRIPTION
Extent x, 372 p. :
Other physical details ill. (some col.) ;
Dimensions 24 cm.
504 ## - BIBLIOGRAPHY, ETC. NOTE
Bibliography, etc Includes bibliographical references and indexes.
650 #0 - SUBJECT ADDED ENTRY--TOPICAL TERM
Topical term or geographic name as entry element communication.
650 #0 - SUBJECT ADDED ENTRY--TOPICAL TERM
Topical term or geographic name as entry element Oral communication.
650 #0 - SUBJECT ADDED ENTRY--TOPICAL TERM
Topical term or geographic name as entry element Public speaking.
650 #0 - SUBJECT ADDED ENTRY--TOPICAL TERM
Topical term or geographic name as entry element Success.
700 1# - ADDED ENTRY--PERSONAL NAME
Personal name Kiernan,Eleanor
700 1# - ADDED ENTRY--PERSONAL NAME
Personal name Lawrence,Jill
906 ## - LOCAL DATA ELEMENT F, LDF (RLIN)
a 7
b cbc
c orignew
d 1
e ecip
f 20
g y-gencatlg
942 ## - ADDED ENTRY ELEMENTS (KOHA)
Source of classification or shelving scheme
Koha item type Book
Holdings
Withdrawn status Lost status Source of classification or shelving scheme Damaged status Not for loan Home library Current library Shelving location Date acquired Total Checkouts Total Renewals Full call number Barcode Date last seen Date checked out Copy number Price effective from Koha item type
          Riara University Library Riara University Library General stack 03/10/2016 2 1 HF5718.K67 2013 8324/16 28/03/2017 11/03/2017 C.1 03/10/2016 Book

Riara University Library,
P.O. Box 49940-00100,
Nairobi, Kenya.